000 00310nam a2200133Ia 4500
008 221030s9999 xx 000 0 und d
041 _aEnglish
082 _a105.23
100 _aWan M. Wong
245 0 _aLearn Fox Pro 2.5 for Windows in a Day
_cby Wan M. Wong
260 _c0
650 _aB
942 _cBK
999 _c12453
_d12453